| 000 | 00730nam a22002057a 4500 | ||
|---|---|---|---|
| 999 |
_c19685 _d19685 |
||
| 003 | AR-CdUCM | ||
| 008 | 190520b ||||| |||| 00| 0 spa d | ||
| 040 |
_aMUNICIPALIDAD PROVINCIAL DEL CUSCO _cBIBLIOTECA MUNICIPAL DEL CUSCO |
||
| 082 |
_a340.7 / _bC96 |
||
| 100 |
_aCusihuallpa Diaz, Edgar _941175 |
||
| 245 | _aComo nacen las personas jurídicas y como solucionan sus controversias / | ||
| 260 |
_aCusco : _bJuristas editores, _c2011. |
||
| 300 |
_a221 páginas; _c21 cm. |
||
| 505 | _aContenido : Concepto de personas -- Personas jurídicas -- Empresa individual.. | ||
| 650 |
_aCodigo civil _931491 |
||
| 650 |
_aLa asociación civil _941176 |
||
| 650 |
_aPersona juridica _911607 |
||
| 942 |
_2ddc _cLIBROS |
||
| 945 | _arcc | ||